الطب النفسي : (رقم التسجيلة. 2438)

تفاصيل مارك
000 -الفاتح
عناصر البيانات ثابتة الطول 00704cam a2200181 i 4500
005 - تاريخ ووقت آخر معاملة
حقل ضبط 20251108164043.0
008 - عناصر البيانات ثابتة الطول
عناصر البيانات ثابتة الطول 250721s1990 ua gr 000 0 ara d
082 14 - رقم تصنيف ديوي العشري
رقم التصنيف 150
رقم المادة م ح م
100 1# - مدخل رئيسي – اسم شخصي
الاسم الشخصي حموده، محمود
علاقة الشخص بالعمل/ دوره مؤلف.
245 10 - بيان العنوان
العنوان الطب النفسي :
بقية العنوان النفس أسرارها..وأمراضها /
بيان المسؤولية دكتور محمود حمودة.
264 31 - بيانات النشر، التوزيع…إلخ
مكان النشر، التوزيع...إلخ القاهرة :
اسم الناشر، الموزع...إلخ دكتور محمود حمودة،
تاريخ النشر، التوزيع...إلخ 1990.
300 ## - الوصف المادي
عدد الوحدات المكونة للوعاء 544 صفحة.
500 ## - ملاحظات عامة
ملاحظات عامة هذا الكتاب فائز بجائزة الدولة التشجيعية في العلوم الطبية
650 17 - مدخل إضافي بالموضوع - مصطلح موضوعي
مصطلح موضوعي أو اسم جغرافي كعنصر مدخل علم النفس.
650 17 - مدخل إضافي بالموضوع - مصطلح موضوعي
مصطلح موضوعي أو اسم جغرافي كعنصر مدخل الطب النفسي.
942 ## - بيانات إضافية (كوها)
نوع التنصيف Dewey Decimal Classification
نوع المادة (كوها) كتب
المقتنيات
حالة السحب حالة الفقدان مصدر التصنيف حالة التلف غير قابل للإعارة المكتبة الرئيسية المكتبة الحالية موقع الرف تاريخ التزويد الرقم المتسلسل Total Checkouts رقم الإستدعاء الباركود تاريخ آخر ظهور تاريخ الفاتورة نوع المادة (كوها)
    Dewey Decimal Classification     المكتبة المركزية المكتبة المركزية الإعارة 06/07/2004 206159   150 / م ح م 206159 28/07/2025 06/07/2004 كتب
Implemented & Customized by: BBB with SCIT (Smart Chains for Information Technology)

Powered by Koha